000 00620nam a22001937a 4500
999 _c195684
_d195684
005 20230417160515.0
010 _aUR-11934
020 _a8186370455
_c80.00
035 _aU-10489
037 _bDBAD/PUB
082 _a841
100 _aراج موہن گاند ھی
245 _aا قبا ل :
_bایک مرد آفاقی /
_cراج موہن گاند ھی
246 _aIqbal /
_bby Raj Mohan Gandhi
260 _aحید رآباد
_bاق بال اکیڑ می
_c2009 ء
270 _aگلشن خلیل
_bحید رآ باد
_e500002
300 _a63 ص
_c21cm(pbk)
942 _2ddc
_cUR
_h841
_mر ا ج